| 000 | 00902cam a22003013a 4500 | ||
|---|---|---|---|
| 001 | 4515 | ||
| 003 | PGUSA | ||
| 005 | 20140828083057.0 | ||
| 008 | 031001s2003||||xxu|||||s|||||000 1 eng d | ||
| 040 |
_aPGUSA _beng |
||
| 042 | _adc | ||
| 050 | 4 | _aPS | |
| 100 | 1 |
_aCurwood, James Oliver, _d1878-1927 |
|
| 245 | 1 | 4 |
_aThe Golden Snare _h[electronic resource] / _cJames Oliver Curwood |
| 260 |
_bProject Gutenberg, _c2003 |
||
| 506 | _aPublic domain in the USA. | ||
| 516 | _aElectronic text | ||
| 653 | _aRoyal Canadian Mounted Police -- Fiction | ||
| 653 | _aCanada -- Fiction | ||
| 653 | _aFugitives from justice -- Fiction | ||
| 653 | _aWilderness areas -- Fiction | ||
| 653 | _aNorthwest, Canadian -- Fiction | ||
| 653 | _aWestern stories | ||
| 653 | _aMounted police -- Fiction | ||
| 830 | 0 |
_aProject Gutenberg _v4515 |
|
| 856 | 4 | 0 | _uhttp://www.gutenberg.org/ebooks/4515 |
| 942 | _cEB | ||
| 999 |
_c233844 _d233844 |
||